Participantes do BBB 2019 - Statistics

Estatísticas Gerais
  • Esse quiz foi jogado 40 vezes
  • A pontuação média é 13 de 17
Estatísticas das Respostas
Resposta % Correto
Vencedor(a) Paula
100%
Expulso(a) Hariany
97%
2º lugar Alan
91%
13º eliminado(a) Carolina
91%
10º eliminado(a) Rodrigo
82%
8º eliminado(a) Danrley
79%
11º eliminado(a) Gabriela
79%
3º eliminado(a) Hana
76%
1º eliminado(a) Vinicius
76%
5º eliminado(a) Maycon
71%
12º eliminado(a) Rízia
71%
Expulso(a) Vanderson
71%
7º eliminado(a) Tereza
68%
4º eliminado(a) Diego
65%
9º eliminado(a) Elana
62%
2º eliminado(a) Gustavo
62%
6º eliminado(a) Isabella
59%
Nenhum quiz correspondente encontrado
Distribuição das Pontuações
Porcentagem de Pessoas com Cada Pontuação
Percentil de Números Respondidos
Sua Pontuação Histórica
Você não jogou esse quiz